Statystyki dla Quiz o Indiach

Kliknij tutaj aby rozwiązać quiz!

Ogólne statystyki

  • Ten quiz został rozwiązany 1 906 razy
  • Średni wynik to 13 z 30

Statystyki odpowiedzi

WskazówkaOdpowiedź% Poprawnych
Najpowszechniejsze religieHinduizm
86%
Najpowszechniejsze religieIslam
84%
Najświętsze zwierzę w pierwszej religiiKrowa
76%
Największe miastaDelhi
74%
Najpowszechniejsze języki ojczysteHindi
72%
Najwyższe pasmo górskieHimalaje
70%
Najpowszechniejsze religieChrześcijaństwo
69%
Umowna nazwa indyjskiego przemysłu filmowegoBollywood
68%
Najdłuższe rzekiGanges
63%
Najpopularniejszy sportKrykiet
61%
Największe miastaMumbaj
59%
Największe miastaKolkata
52%
Najdłuższe rzekiIndus
51%
WalutaRupia
47%
Region sporny z Pakistanem i ChinamiKaszmir
45%
Lider w walce o indyjską niepodległość od Wielkiej BrytaniiMohandas Gandhi
45%
Narodowe zwierzęTygrys bengalski
37%
Numer "wynaleziony" w IndiachZero
36%
Najpopularniejszy punkt orientacyjny (w Agrze)Tadź Mahal
29%
"Wielka Trójca" bogów w pierwszej religiiŚiwa
28%
Najpowszechniejsze języki ojczysteBengalski
27%
Tytuł nadany osobie powyżej, który oznacza "wielką duszę"Mahatma
27%
"Wielka Trójca" bogów w pierwszej religiiWisznu
25%
Odzież podobna do togi noszona przez kobietySari
21%
"Wielka Trójca" bogów w pierwszej religiiBrahma
19%
Najwyższa kasta w pierwszej religiiBramini
19%
Najpowszechniejsze religieSikhizm
18%
Najpowszechniejsze języki ojczysteTamilski
18%
Najpowszechniejsze języki ojczysteMarathi
10%
Najpowszechniejsze języki ojczysteTelugu
10%

Rozkład punktacji

Percentyl według liczby udzielonych odpowiedzi

Procent ludzi z każdym wynikiem

Twoja historia wyników

Nie rozwiązałeś tego quizu